000 00793nam a2200265Ia 4500
003 OSt
005 20221005102045.0
006 a|||||r|||| 00| 0
007 ta
008 221004b |||||||| |||| 00| 0 eng d
024 _a32904
037 _cTextual
040 _aCRL
_cCRL
_beng
041 _2eng
_aeng
082 _aO15:gx1,1,3, 111
100 _aPandey Kanti Chandr
_9622840
245 0 _aAbhinavagupta an historical and philosophical study
250 _asecond edition
260 _aVaranasi
_bChowkhamba Sanskrit series office India
_c1963
300 _aLII,1014p.
_ccm.
490 _aChoukhamba Sanskrit Studies; Vol. 1
650 _aSANSKRIT LITERATURE
942 _hO15:gx1,1,3, 111
_cTEXL
_2cc
999 _c1007807
_d1007807